|
|
|
|
| LEADER |
00000cam a22000004a 4500 |
| 001 |
musev2_55833 |
| 003 |
MdBmJHUP |
| 005 |
20230905045730.0 |
| 006 |
m o d |
| 007 |
cr||||||||nn|n |
| 008 |
170915s2017 gm o 00 0 eng d |
| 020 |
|
|
|a 9789983953510
|
| 020 |
|
|
|z 998395351X
|
| 020 |
|
|
|z 9789983953527
|
| 035 |
|
|
|a (OCoLC)1001349570
|
| 040 |
|
|
|a MdBmJHUP
|c MdBmJHUP
|
| 043 |
|
|
|a f-gm---
|
| 050 |
|
4 |
|a DT509.8
|b .J354 2017
|
| 100 |
1 |
|
|a Jallow, Baba Galleh,
|e author.
|
| 245 |
1 |
0 |
|a Defying Dictatorship :
|b Essays on Gambian Politics, 2012 - 2017 /
|c Baba Galleh Jallow.
|
| 264 |
|
1 |
|a Baltimore, Maryland :
|b Project Muse,
|c 2017
|
| 264 |
|
3 |
|a Baltimore, Md. :
|b Project MUSE,
|c 2017
|
| 264 |
|
4 |
|c ©2017
|
| 300 |
|
|
|a 1 online resource (210 pages).
|
| 336 |
|
|
|a text
|b txt
|2 rdacontent
|
| 337 |
|
|
|a computer
|b c
|2 rdamedia
|
| 338 |
|
|
|a online resource
|b cr
|2 rdacarrier
|
| 500 |
|
|
|a Includes index.
|
| 500 |
|
|
|a Issued as part of book collections on Project MUSE.
|
| 505 |
0 |
|
|a Introduction : The dictator -- part one. The many faces of dictatorship : the more you look, the less you see -- part two. People power : the turning tide -- Conclusion : towards a government by the people.
|
| 506 |
|
|
|a Access restricted to authorized users and institutions.
|
| 520 |
|
|
|a Defying Dictatorship is an illuminating account of the nature and patterns of the 22-year autocratic rule of a former Gambian leader - Yahya Jammeh. In these pacy and pungent essays, the author exudes optimism in the redemptive power of knowledge to liberate The Gambia from the vice-like grip of tyranny and usher in an era of national renewal marked by liberty and egalitarianism.
|
| 588 |
|
|
|a Description based on print version record.
|
| 600 |
1 |
0 |
|a Jammeh, A. J. J.
|
| 650 |
|
0 |
|a Democratization
|z Gambia.
|
| 651 |
|
0 |
|a Gambia
|x Politics and government
|y 1965-
|
| 655 |
|
7 |
|a Electronic books.
|2 local
|
| 710 |
2 |
|
|a Project Muse,
|e distributor.
|
| 776 |
1 |
8 |
|i Print version:
|z 9789983953527
|
| 710 |
2 |
|
|a Project Muse.
|e distributor
|
| 830 |
|
0 |
|a Book collections on Project MUSE.
|
| 856 |
4 |
0 |
|z Texto completo
|u https://projectmuse.uam.elogim.com/book/55833/
|
| 945 |
|
|
|a Project MUSE - Custom Collection
|